| 000 | 00518cam a22002054a 4500 | ||
|---|---|---|---|
| 005 | 20250605164325.0 | ||
| 008 | 250528s ||||||||||||||||||||||||d | ||
| 035 | _a23008 | ||
| 020 | _a9780198775607 | ||
| 040 |
_aGR-AtMCL _bgre _dGR-AtMCL _eAACR2 |
||
| 245 | 1 | _aTHE ECONOMICS OF EUROPEAN UNION / POLICY AND ANALYSIS | |
| 250 | _a1 | ||
| 260 |
_bOxford University Press, _c1997 |
||
| 300 | _a438 | ||
| 700 | 1 |
_aArtis J. M. _93425 |
|
| 700 | 1 |
_aLee N _93358 |
|
| 942 | _cBK | ||
| 999 |
_c8049 _d8049 |
||